Lossless Image Compression by Incorporating Histogram Processing Stage in Burrows wheeler Compression Algorithm (BWCA) / (Record no. 525201)
[ view plain ]
| 000 -LEADER | |
|---|---|
| fixed length control field | 00566nam a22001697a 4500 |
| 003 - CONTROL NUMBER IDENTIFIER | |
| control field | NUST |
| 038 ## - RECORD CONTENT LICENSOR | |
| Staff Name | Mr. Zahoor |
| 082 ## - DEWEY DECIMAL CLASSIFICATION NUMBER | |
| Classification number | 621.39 |
| 100 ## - MAIN ENTRY--PERSONAL NAME | |
| Personal name | Yousaf, Muhammad Adnan |
| 9 (RLIN) | 15947 |
| 245 ## - TITLE STATEMENT | |
| Title | Lossless Image Compression by Incorporating Histogram Processing Stage in Burrows wheeler Compression Algorithm (BWCA) / |
| Statement of responsibility, etc. | Muhammad Adnan Yousaf. |
| 260 ## - PUBLICATION, DISTRIBUTION, ETC. | |
| Place of publication, distribution, etc. | Islamabad : |
| Name of publisher, distributor, etc. | CEME - NUST, |
| Date of publication, distribution, etc. | 2011. |
| 300 ## - PHYSICAL DESCRIPTION | |
| Extent | 68 p. : ill. ; |
| Dimensions | 30cm. |
| 500 ## - GENERAL NOTE | |
| General note | Hardcover. |
| 650 ## - SUBJECT ADDED ENTRY--TOPICAL TERM | |
| Topical term or geographic name entry element | Computer Science - MS Thesis. |
| 9 (RLIN) | 16114 |
| 700 ## - ADDED ENTRY--PERSONAL NAME | |
| Personal name | Dr. Saad Rehman. |
| 9 (RLIN) | 16115 |
| 942 ## - ADDED ENTRY ELEMENTS (KOHA) | |
| Source of classification or shelving scheme | |
| Koha item type | Book |
| Withdrawn status | Lost status | Source of classification or shelving scheme | Damaged status | Not for loan | Permanent Location | Current Location | Shelving location | Date acquired | Full call number | Barcode | Date last seen | Price effective from | Koha item type | Total Checkouts |
|---|---|---|---|---|---|---|---|---|---|---|---|---|---|---|
| Central Library (CL) | Central Library (CL) | Thesis | 06/28/2019 | 621.39 | CL-T-154 | 06/30/2019 | 06/28/2019 | Thesis | ||||||
| Central Library (CL) | Central Library (CL) | Thesis | 10/20/2020 | 621.39 | CL-T-706 | 10/20/2020 | 10/20/2020 | Thesis |
